000 00373 a2200169 4500
001 46497
020 _a9788574121505
040 _cAnchieta - Aquarius
100 _aHartman, Bob
240 1 0 _aBrinque Book conta
_lpor
245 1 0 _aBrinque Book conta
300 _a
362 0 _a2006
440 1 _aBrinque-book
650 4 _aLiteratura infanto-juvenil
942 _cBK
999 _c46497
_d46497